• 首页
  • 本馆介绍
  • 公告通知
  • 最新文献
  • 馆藏检索
  • 电子资源
  • 读者导购
  • 参考咨询
  • 我的图书馆
  • 登录
  • 详细信息显示
  • 放入我的书架
  • 预约/预借图书
  • 作者相关作品
  • 分类相关作品
  • 丛书相关作品
  • 出版社相关作品

书目信息

  • 表格格式
  • 工作单格式
  • 卡片格式
题名:
夏衍七十年文选
    
 
作者: 夏衍 著 ;李子云 编选
分册:  
出版信息: 上海   上海文艺出版社  1996
页数: 1004页
开本: 20cm
丛书名: 当代文坛大家文库
单 册:
中图分类: I267 , I211
科图分类:
主题词: 文学--wen xue--中国--现代--作品集 , 文学--作品集--中国
电子资源:
ISBN: 7-5321-1431-7
000 00793oam2 2200265 450
001 1256576690
005 20121013154341.58
010    @a7-5321-1431-7@b精装@dCNY47.90
100    @a20060720d1996 ekmy0chiy0120 ea
101 0  @achi
102    @aCN@b310000
105    @aa z 000yy
200 1  @a夏衍七十年文选@Axia yan qi shi nian wen xuan@f夏衍著@g李子云编选
210    @a上海@c上海文艺出版社@d1996
215    @a1004页@c图@d20cm
225 2  @a当代文坛大家文库@Adang dai wen tan da jia wen ku
461  0 @12001 @a当代文坛大家文库
606 0  @a文学@Awen xue@y中国@z现代@x作品集
606 0  @a文学@x作品集@x中国
690    @aI267@v3
690    @aI211@v4
701  0 @a夏衍@Axia yan@4著
702  0 @a李子云@Ali zi yun@4编选
801  0 @aCN@bNLC@c20101222
905    @a10447@dI211@eJY144
    
    夏衍七十年文选/夏衍著/李子云编选.-上海:上海文艺出版社,1996
    1004页:图;20cm.-(当代文坛大家文库)
    
    
    ISBN 7-5321-1431-7(精装):CNY47.90
    
●
相关链接 在E读中查询图书 在五车中查询图书 在当当中查询图书 在豆瓣中查询图书


正题名:夏衍七十年文选     索取号:I211/JY144         预约/预借

序号 登录号 条形码 馆藏地/架位号 状态 备注
1 7822825   278228259   学院路分馆/ [索取号:I211/JY144] 在馆    
2 7822826   278228268   学院路分馆/ [索取号:I211/JY144] 在馆    
唐山师范学院图书馆 欢迎您!
大连网信软件有限公司© 版权所有